000 00737nam a2200229 i 4500
001 140717
003 ES-MaACL
005 20251017115916.0
007 t|
008 070914s1984 sp a |||| | spa d
020 _a84-239-2128-X
080 _a820(417)-14"19"
100 1 _aYeats, W. B.,
_d1865-1939
_9242374
245 1 0 _aAntología poética /
_cWilliam Butler Yeats ; introducción, selección y traducción por E. Caracciolo Trejo.
260 _aMadrid :
_bEspasa-Calpe,
_c1984.
300 _a232 p. :
_bil. ;
_c17 cm.
490 1 _aSelecciones austral ;
_v128
700 1 _aCaracciolo Trejo, E.
_934931
830 0 _aSelecciones austral ;
_v128
_9176520
852 _aES-MaACL
_jL-6276
999 _c140717
_d140717